Microeconomic theory : basic principles and extensions /

Salvato in:
Dettagli Bibliografici
Autore principale: Snyder, Christopher
Altri autori: Nicholson, Walter
Natura: Libro
Pubblicazione: Belmont, CA : Thomson Business and Economics, c2008.
Edizione:10th ed.
Soggetti:
Accesso online:http://www.loc.gov/catdir/toc/fy0802/2007921464.html
http://www.loc.gov/catdir/enhancements/fy1215/2007921464-d.html
http://www.loc.gov/catdir/enhancements/fy1302/2007921464-b.html
Tags: Aggiungi Tag
Nessun Tag, puoi essere il primo ad aggiungerne!!

MARC

LEADER 00000cam a22000004a 4500
020 |a 9780324645088  |c TZS 124,607.3 
040 |a MUL  |b eng  |e AACR 
082 |a 338.5 SNY 
100 1 |a  Snyder, Christopher 
245 1 0 |a Microeconomic theory :  |b basic principles and extensions /  |c Christopher Snyder and Walter Nicholson 
250 |a 10th ed. 
260 |a Belmont, CA :  |b Thomson Business and Economics,  |c c2008. 
300 |a xxii, 740 p. :  |b ill. ;  |c 26 cm. 
504 |a Includes bibliographical references and index. 
546 |a eng 
650 0 |a Microeconomics. 
700 1 |a  Nicholson, Walter 
856 4 1 |u http://www.loc.gov/catdir/toc/fy0802/2007921464.html 
856 4 2 |u http://www.loc.gov/catdir/enhancements/fy1215/2007921464-d.html 
856 4 2 |u http://www.loc.gov/catdir/enhancements/fy1302/2007921464-b.html 
942 |c BK 
999 |c 9032  |d 9032